000 00858nam a22002057a 4500
003 NALT
005 20251215092042.0
008 s2558 th tha d
020 _a9786165518970
040 _aNALT
041 _atha
050 _aBP 75.3
_bว619น 2558
100 0 _aวินัย ดะห์ลัน
_933180
245 1 0 _aนบีมูฮำมัด (ซ.ล.) นักวิทยาศาสตร์เอกของโลก /
_cวินัย ดะห์ลัน.
260 _aกรุงเทพฯ :
_bศูนย์วิทยาศาสตร์ฮาลาล จุฬาลงกรณ์มหาวิทยาลัย,
_c2558.
300 _a344 หน้า :
_bภาพประกอบ ;
600 1 4 _aมุฮัมมัด,
_dค.ศ. 570-632
_936253
850 _aNALT
942 _cGB
_2lcc
999 _c74492
_d74492
998 _j104
_k นางสาวสายฝน ดีงาม